Solved Papers For Higher Judicial Service Examination (Record no. 159775)
[ view plain ]
| 000 -LEADER | |
|---|---|
| fixed length control field | 00759nam a22001937a 4500 |
| 005 - DATE AND TIME OF LATEST TRANSACTION | |
| control field | 20190105123010.0 |
| 010 ## - LCCN (DPL NO) | |
| LC control number | B-713054 |
| 020 ## - INTERNATIONAL STANDARD BOOK NUMBER | |
| Terms of availability | 425.00 |
| 035 ## - SYSTEM CONTROL NUMBER | |
| System control number | B-713054 |
| 037 ## - SOURCE OF ACQUISITION | |
| Source of stock number/acquisition | L/RP/R.K.Books |
| 082 ## - DEWEY DECIMAL CLASSIFICATION NUMBER | |
| Classification number | 347.54 |
| 100 ## - MAIN ENTRY--PERSONAL NAME | |
| Personal name | Singhal |
| 245 ## - TITLE STATEMENT | |
| Title | Solved Papers For Higher Judicial Service Examination |
| Remainder of title | Preliminary Examination |
| Statement of responsibility, etc | Singhal's |
| 260 ## - PUBLICATION, DISTRIBUTION, ETC. (IMPRINT) | |
| Place of publication, distribution, etc | Delhi |
| Name of publisher, distributor, etc | Singhal Law Publications |
| Date of publication, distribution, etc | 2019 |
| 270 ## - ADDRESS | |
| Address | A-2/157,Bhagat Colony Sant Nagar |
| City | Delhi |
| Postal code | 110084 |
| Telephone number | 9810486750 |
| Electronic mail address | www.dinkarlawbooks.com |
| 300 ## - PHYSICAL DESCRIPTION | |
| Extent | 375p |
| Dimensions | 23cm.(pbk) |
| 942 ## - ADDED ENTRY ELEMENTS (KOHA) | |
| Source of classification or shelving scheme | Dewey Decimal Classification |
| Item type | English Books |
| Classification part | 347.54 |
| Call number suffix | SIN |
| Withdrawn status | Lost status | Not for loan | Collection code | Home library | Current library | Date acquired | Source of acquisition | Cost, normal purchase price | Full call number | Barcode | Copy number | Cost, replacement price | Koha item type | Public note |
|---|---|---|---|---|---|---|---|---|---|---|---|---|---|---|
| Non-fiction | Central Library | Central Library | 05/01/2019 | R.K.Books/IN2709/01.01.2019/172/07.12.2018/03.01.2019 | 425.00 | 347.54 SIN | B-713054 | 1 | 425.00 | English Books | RP |
